| 000 | 00546nam a22001817a 4500 | ||
|---|---|---|---|
| 005 | 20251108165829.0 | ||
| 008 | 250721s9999 xx 000 0 ara d | ||
| 082 | 1 | 4 | _aط/551.47/إبر |
| 100 | 1 | _aالغوري، إبراهيم حلمي | |
| 245 | 1 | 0 | _aالمد و الجزر في المحيطات / |
| 264 | 1 |
_aحلب : _bدار ربيع للنشر، _c[19-]. |
|
| 300 | _a8ص | ||
| 490 | 0 | _aمجموعة المحيطات و البحار | |
| 650 | 1 | 7 | _aالبحر |
| 650 | 1 | 7 | _aالمد و الجزر |
| 942 |
_2ddc _cBK |
||
| 999 |
_c32403 _d32403 |
||